Indian Journal of Public Administration (Record no. 12729)

MARC details
000 -LEADER
fixed length control field 00418nam a2200133Ia 4500
022 ## - INTERNATIONAL STANDARD SERIAL NUMBER
ISSN 0019-5561
245 #0 - TITLE STATEMENT
Title Indian Journal of Public Administration
260 ## - PUBLICATION, DISTRIBUTION, ETC. (IMPRINT)
Name of publisher Indian Institute of Public Administration
Place of publication New Delhi
500 ## - GENERAL NOTE
General note Ending Volume & Year: 31, 1985
500 ## - GENERAL NOTE
General note Missing Volume: 15-17;21-22
500 ## - GENERAL NOTE
General note Starting Volume & Year: 11, 1965
942 ## - ADDED ENTRY ELEMENTS (KOHA)
Koha item type Bound Journal
Holdings
Withdrawn status Lost status Damaged status Not for loan Home library Current library Date acquired Accession Number Koha item type
      Bound journals RRII Library RRII Library 31/12/2021 12580J Bound Journal